| 000 | 00705nam a2200241Ia 4500 | ||
|---|---|---|---|
| 003 | OSt | ||
| 005 | 20220925213456.0 | ||
| 006 | a|||||r|||| 00| 0 | ||
| 007 | ta | ||
| 008 | 220923b |||||||| |||| 00| 0 eng d | ||
| 037 | _cGeneral Book | ||
| 040 |
_aRTL _cRTL _beng |
||
| 041 |
_2eng _aeng |
||
| 082 | _aU475:(Y5), M7/TD3 | ||
| 100 |
_aSmith David M _969736 |
||
| 245 | 0 | _aGeogarphy,inequality and society | |
| 260 |
_aLondon _bCambridge University Press _c1987 |
||
| 300 |
_a104p _ccm. |
||
| 490 | _aCambridge Topics in Geography Second Series | ||
| 500 | _aBibliography: P 102-03 | ||
| 942 |
_hU475:(Y5), M7/TD3 _cGB _2CC |
||
| 999 |
_c563006 _d563006 |
||